000 00625nam a2200241Ia 4500
005 20251020182542.0
008 200515s9999 xx 000 0 und d
020 _a978-90-6369-325-1
082 _a741.2/E34
100 _aEissen, Koos
100 _aSteur, Roselien
245 0 _aBocetaje. Las bases
260 _aBarcelona
260 _bBispublishers
260 _c2013
300 _a202 p.
300 _bil.
500 _a1 ejemplar
520 _aEl dibujo en el diseƱo esta involucrado en un proceso que a su vez contiene muchos aspectos llamativos
650 _aBOCETOS
942 _cLIB
999 _c2440
_d2440